000 00649cam a2200253 4500
005 20260322212049.0
008 data
010 _a 77098177
020 _a0030851114
020 _a9780030851117
040 _aDLC
_cDLC
_dDLC
050 0 0 _aGV884.F7
_bA3 1970
082 0 0 _a796.32/3/0924
100 1 _aFrazier, Walt,
_d1945-
245 1 0 _aClyde,
_cWalt Frazier & Joe Jares.
250 _a[1st ed.]
260 _aNew York,
_bRutledge Book
_c[1970]
300 _a286 p.
_billus., ports.
_c22 cm.
350 _a6.95
500 _aAutobiographical.
600 1 0 _aFrazier, Walt,
_d1945-
700 1 _aJares, Joe,
_d1937-
_ejoint author.
001 data
999 _c1155
_d1155